| 000 | 00376nam a2200145Ia 4500 | ||
|---|---|---|---|
| 008 | 220613s9999||||xx |||||||||||||| ||und|| | ||
| 020 | _aISBN-978-93-5260-172-1 | ||
| 100 | _aKasper Dennis L | ||
| 245 | 0 | _aHarrisons Principles of Internal Medicine Vol-3 | |
| 250 | _a19th(2015) | ||
| 260 | _bMc Graw Hill New Yourk | ||
| 300 | _a4860 | ||
| 650 | _aMedicine | ||
| 942 | _cMEDI | ||
| 999 |
_c10877 _d10877 |
||